Statistics for Tallest Roller Coasters In The USA

Click here to take the quiz!

General Stats

  • This quiz has been taken 1,294 times
  • The average score is 7 of 15

Answer Stats

HintAnswer% Correct
456 ftKingda Ka
96%
420 ftTop Thrill Dragster
92%
232 ftIntimidator
65%
415 ftSuperman Escape From Kyrpton
61%
305 ftIntimidator 305
59%
310 ftMillenium Force
57%
235 ftGoliath
48%
230 ftNitro
40%
230 ftDiamondback
39%
205 ftMagnum XL 200
39%
245 ftTitan
29%
208 ftRide of Steel
13%
209 ftThe Desperado
9%
218 ftMr. Freeze Reverse Blast
6%
207 ftWild Thing
6%

Score Distribution

Percentile by Number Answered

Percent of People with Each Score

Your Score History

You have not taken this quiz